00964nac a22002777a 4500001001000000003000900010005001700019008003400036040005400070072000800124100002400132100002500156110007600181245014300257260003200400300000900432490010500441650002100546650001000567650001300577650001500590650002200605650002800627650000900655650002200664BR8005312BR-BrBNA20240105114757.0230509b bl.|||m| |||| 00| 0 por d aBR-BrBNAbporcBiblioteca Nacional de Agricultura aF701 aGirardi-Deiro, A.M.1 aGoncalves Neto, J.O.1 aUnidade de Execucao de Pesquisa de Ambito Estadual de Bage, RS (Brasil)1 aLevantamento ecologico dos campos naturais do municipio de Bage, Rio Grande do Sul [graminea, leguminosa, distribuicao geografica, Brasil]3 aBage, RS (Brasil): c1980.  a3 p. aPesquisa em Andamento - Unidade de Execucao de Pesquisa de Ambito Estadual de Bage (Brazil)vno. 2x aECOLOGIA VEGETAL aFLORA aGRAMINEA aLEGUMINOSA aCOBERTURA VEGETAL aDISTRIBUICAO GEOGRAFICA aBAGE aRIO GRANDE DO SUL